| 000 | 00972nam a2200253 i 4500 | ||
|---|---|---|---|
| 001 | 126652 | ||
| 003 | ES-MaACL | ||
| 005 | 20230906192844.0 | ||
| 007 | t| | ||
| 008 | 070214s1912 sp cbf |||| | spa d | ||
| 080 | _a55(460) | ||
| 080 | _a914.6 | ||
| 080 | _a31(460) | ||
| 110 | 2 |
_aInstituto Geográfico y Estadístico (España) _93892 |
|
| 245 | 1 | 0 |
_aReseña geográfica y estadística de España / _cpublicada por la Dirección General del Instituto Geográfico y Estadístico. |
| 260 |
_aMadrid : _bDirección General del Instituto Geográfico y Estadístico, _c1912. |
||
| 300 |
_aVIII, 516 p., 1 retr. ; _c28 cm + _e8 map. pleg., 20 gráf., 6 lám. pleg. |
||
| 594 | _aPrecede al tít.: Ministerio de Instrucción Pública y Bellas Artes. | ||
| 599 | _aLám. con 1 retr. de Alfonso XIII. | ||
| 650 | 4 |
_aGeología- _zEspaña. _9138819 |
|
| 651 | 4 |
_aEspaña- _xGeografía. _98200 |
|
| 651 | 4 |
_aEspaña- _vEstadísticas. _9162174 |
|
| 852 |
_aES-MaACL _jC-12745 |
||
| 999 |
_c126652 _d126652 |
||